| 000 | nam a22 a 4500 | ||
|---|---|---|---|
| 999 |
_c3040 _d3040 |
||
| 005 | 20170519101636.0 | ||
| 008 | 170519b1984 enk||||| |||| 00| 0 eng d | ||
| 020 | _a0023099402 | ||
| 040 | _aAKMAL | ||
| 082 | _a658.1/52 BTE | ||
| 090 |
_a658.1/52 _bBTE |
||
| 100 |
_aBierman, Harold. _96336 |
||
| 245 |
_aThe capital budgeting decision _beconomic analysis of investment projects / _cHarold Bierman, Jr., Seymour Smidt. |
||
| 250 | _a6th ed. | ||
| 260 |
_aNew York _bMacmillan _cc1984. |
||
| 260 |
_aLondon _bCollier Macmillan _cc1984. |
||
| 300 |
_axiv,548p. _bill. _ccm |
||
| 500 | _aPrevious ed.: 1980. | ||
| 500 | _aIncludes index. | ||
| 599 | _aDALAM PROSES | ||
| 650 |
_aCapital investments _xEvaluation. _96337 |
||
| 650 |
_aCapital budget. _96338 |
||
| 700 |
_aSmidt, Seymour. _96339 |
||
| 852 |
_aBritish Library _bDSC |
||
| 852 |
_aBritish Library _bHMNTS |
||
| 942 |
_2ddc _cBOOK |
||